Electric machinery fundamentals (Record no. 1110)

000 -LEADER
fixed length control field 00674nam a22002294a 4500
001 - CONTROL NUMBER
control field 1110
003 - CONTROL NUMBER IDENTIFIER
control field BD-DhUET
008 - FIXED-LENGTH DATA ELEMENTS--GENERAL INFORMATION
fixed length control field 030923s2005 nyua b 001 0 eng
020 ## - INTERNATIONAL STANDARD BOOK NUMBER
International Standard Book Number 0071151559
040 ## - CATALOGING SOURCE
Original cataloging agency DLC
Transcribing agency DLC
Modifying agency BD-DhUET
082 00 - DEWEY DECIMAL CLASSIFICATION NUMBER
Classification number 623
Item number CHA/2005
100 1# - MAIN ENTRY--PERSONAL NAME
Personal name Chapman, Stephen J.
245 10 - TITLE STATEMENT
Title Electric machinery fundamentals
250 ## - EDITION STATEMENT
Edition statement 4th ed.
260 ## - PUBLICATION, DISTRIBUTION, ETC. (IMPRINT)
Place of publication, distribution, etc. Boston
Name of publisher, distributor, etc. McGraw-Hill
Date of publication, distribution, etc. 2005
300 ## - PHYSICAL DESCRIPTION
Extent xxii, 746p.
Other physical details ill.
Dimensions 24 cm.
500 ## - GENERAL NOTE
General note Includes bibliographies
650 #0 - SUBJECT ADDED ENTRY--TOPICAL TERM
Topical term or geographic name as entry element Electric engineering
856 41 - ELECTRONIC LOCATION AND ACCESS
Uniform Resource Identifier http://www.loc.gov/catdir/toc/mh041/2003065174.html
856 42 - ELECTRONIC LOCATION AND ACCESS
Uniform Resource Identifier http://www.loc.gov/catdir/description/mh041/2003065174.html
942 ## - ADDED ENTRY ELEMENTS (KOHA)
Koha item type General Book
Holdings
Koha renewals Sublocation or collection (holding branch) Date acquired Koha date last seen Damaged status Koha item type Source of classification or shelving scheme Lost status Copy number Not for loan Koha full call number Shelving location Piece designation (barcode) Koha out on loan Koha issues (times borrowed) Price effective from Koha normalized classification for sorting Location (home branch) Koha date last borrowed Withdrawn status
 Central Library, BUET2014-08-302025-04-16 General Book  1 623/CHA/2005Circulation section103333 152014-08-30623_000000000000000_CHA_2005Central Library, BUET2024-12-18 
 Central Library, BUET2014-08-302026-04-15 General Book  2 623/CHA/2005Circulation section103335 232014-08-30623_000000000000000_CHA_2005Central Library, BUET2026-03-30 
 Central Library, BUET2014-08-302016-02-27 General Book  3 623/CHA/2005Circulation section1033362017-02-2622014-08-30623_000000000000000_CHA_2005Central Library, BUET2016-02-27 
1Central Library, BUET2014-08-302022-11-22 General Book  4 623/CHA/2005Circulation section1033372022-12-06112014-08-30623_000000000000000_CHA_2005Central Library, BUET2022-11-22 
 Central Library, BUET2015-01-262025-12-01 General Book  5 623/CHA/2005Circulation section1033392025-12-15172015-01-26623_000000000000000_CHA_2005Central Library, BUET2025-12-01 
 Central Library, BUET2015-12-302026-02-03 General Book  6 623/CHA/2005Circulation section103340 252015-12-30623_000000000000000_CHA_2005Central Library, BUET2026-01-07